[Event "26.ChessOrg Schachfestival"]
[Site "Bad Woerishofen"]
[Date "2010.03.10"]
[Round "5.26"]
[White "Mack, Thomas Dr"]
[Black "Waldschmidt, Georg"]
[Result "0-1"]
[WhiteElo "2079"]
[BlackElo "2227"]
[PlyCount "40"]
[EventDate "2010.??.??"]

1. e4 c5 2. Nf3 d6 3. d4 cxd4 4. Nxd4 Nf6 5. Nc3 Nc6 6. Bc4 e6 7. Be3 a6 8. Bb3
Qc7 9. Qe2 Na5 10. O-O-O Nxb3+ 11. axb3 b5 12. f3 Be7 13. g4 b4 14. Na4 Nd7 15.
Rhe1 Nc5 16. Nf5 exf5 17. Bxc5 dxc5 18. exf5 Ra7 19. f6 gxf6 20. Rd5 Be6 0-1

[Event "26.ChessOrg Schachfestival"]
[Site "Bad Woerishofen"]
[Date "2010.03.10"]
[Round "5.1"]
[White "Malaniuk, Vladimir"]
[Black "Rusev, Krasimir"]
[Result "1/2-1/2"]
[WhiteElo "2582"]
[BlackElo "2543"]
[PlyCount "21"]
[EventDate "2010.??.??"]

1. d4 Nf6 2. Nf3 d5 3. c4 c6 4. e3 Bf5 5. Bd3 Bxd3 6. Qxd3 e6 7. O-O Nbd7 8.
Nc3 Bb4 9. Bd2 Bxc3 10. Bxc3 O-O 11. b3 1/2-1/2

[Event "26.ChessOrg Schachfestival"]
[Site "Bad Woerishofen"]
[Date "2010.03.10"]
[Round "5.16"]
[White "Meier, Volker"]
[Black "Eperjesi, Lazlo Dr"]
[Result "1/2-1/2"]
[WhiteElo "2304"]
[BlackElo "2183"]
[PlyCount "41"]
[EventDate "2010.??.??"]

1. e4 c6 2. d4 d5 3. e5 Bf5 4. Nf3 e6 5. Be2 Nd7 6. O-O Bg6 7. b3 Nh6 8. c4 Nf5
9. Bb2 Be7 10. Re1 O-O 11. Nbd2 Nh4 12. a3 Nxf3+ 13. Nxf3 a5 14. Rc1 Qb6 15. c5
Qc7 16. b4 axb4 17. axb4 b6 18. Qd2 Ra2 19. Ra1 Rfa8 20. Rxa2 Rxa2 21. Ra1
1/2-1/2

[Event "26.ChessOrg Schachfestival"]
[Site "Bad Woerishofen"]
[Date "2010.03.10"]
[Round "5.2"]
[White "Nyzhnyk, Illya"]
[Black "Karpatchev, Alexandr"]
[Result "1/2-1/2"]
[WhiteElo "2544"]
[BlackElo "2483"]
[PlyCount "90"]
[EventDate "2010.??.??"]

1. e4 e5 2. Nf3 Nc6 3. Bb5 a6 4. Ba4 Nf6 5. d3 b5 6. Bb3 Bc5 7. Nc3 d6 8. a4
Bg4 9. axb5 axb5 10. Rxa8 Qxa8 11. Nd5 Qa7 12. Ne3 Bxf3 13. gxf3 Ne7 14. Qe2
O-O 15. Ng2 Nh5 16. O-O Ng6 17. c3 c6 18. Be3 Nhf4 19. Bxf4 exf4 20. Kh1 Bb6
21. Qd2 Bd8 22. Rg1 Bg5 23. d4 Ra8 24. h4 Bh6 25. h5 Nf8 26. Nh4 Qe7 27. Nf5
Qf6 28. Rg4 Rd8 29. Nxh6+ Qxh6 30. Qxf4 Qxh5+ 31. Kg2 Rd7 32. Qg3 Qh6 33. f4
Ra7 34. Rh4 Qg6 35. f5 Qxg3+ 36. Kxg3 Ra1 37. Rh2 Nd7 38. f4 Nb6 39. Re2 Kf8
40. e5 d5 41. Bc2 Nc4 42. Bd3 Rd1 43. Bxc4 bxc4 44. Rh2 Kg8 45. Kf3 Rb1 1/2-1/2

[Event "26.ChessOrg Schachfestival"]
[Site "Bad Woerishofen"]
[Date "2010.03.10"]
[Round "5.10"]
[White "Rolle, Eric"]
[Black "Abergel, Thal"]
[Result "0-1"]
[WhiteElo "2270"]
[BlackElo "2547"]
[PlyCount "118"]
[EventDate "2010.??.??"]

1. d4 d5 2. c4 e6 3. cxd5 exd5 4. Nc3 c6 5. Bf4 Bd6 6. Bxd6 Qxd6 7. e3 Bf5 8.
Bd3 Ne7 9. Nge2 Nd7 10. O-O O-O 11. Nf4 Rae8 12. Qc2 Bxd3 13. Qxd3 f5 14. f3
Ng6 15. Nxg6 Qxg6 16. Rae1 Qg5 17. b4 b5 18. a4 a6 19. a5 Re6 20. Na2 Rfe8 21.
f4 Qe7 22. Rf3 g6 23. h3 Nf6 24. Qb3 Ne4 25. Re2 Qh4 26. Qc2 g5 27. fxg5 Qxg5
28. Kh2 Rg6 29. Nc1 Re7 30. Nd3 Reg7 31. Nc5 Nxc5 32. dxc5 Re7 33. Ref2 Re4 34.
Qc3 Qf6 35. Qe1 Qe5+ 36. Kh1 Re6 37. Rxf5 Rxe3 38. Rxe5 Rxe1+ 39. Rxe1 Rxe1+
40. Kh2 Kg7 41. Rf4 h5 42. Kg3 Re3+ 43. Kh4 Kg6 44. g4 hxg4 45. hxg4 Re8 46.
Kg3 Rd8 47. Kf3 Rd7 48. Ke3 Rf7 49. Rxf7 Kxf7 50. Kf4 Kf6 51. g5+ Kg6 52. Ke5
Kxg5 53. Kd6 d4 54. Kxc6 d3 55. Kb6 d2 56. Kxa6 d1=Q 57. c6 Kf6 58. Kb7 Qd5 59.
a6 Ke7 0-1

[Event "26.ChessOrg Schachfestival"]
[Site "Bad Woerishofen"]
[Date "2010.03.10"]
[Round "5.6"]
[White "Romanishin, Oleg"]
[Black "Arnaudov, Petar"]
[Result "1/2-1/2"]
[WhiteElo "2513"]
[BlackElo "2404"]
[PlyCount "34"]
[EventDate "2010.??.??"]

1. Nf3 Nf6 2. g3 d5 3. Bg2 c6 4. O-O Bg4 5. c4 e6 6. Ne5 Bh5 7. d4 Nbd7 8. Nc3
Nxe5 9. dxe5 Nd7 10. cxd5 cxd5 11. Qb3 Qb6 12. Qxb6 axb6 13. e4 d4 14. Nb5 Rc8
15. Nxd4 Nxe5 16. Bd2 Bc5 17. Bc3 O-O 1/2-1/2

[Event "26.ChessOrg Schachfestival"]
[Site "Bad Woerishofen"]
[Date "2010.03.10"]
[Round "5.3"]
[White "Rozentalis, Eduardas"]
[Black "Pirrot, Dieter"]
[Result "1/2-1/2"]
[WhiteElo "2628"]
[BlackElo "2414"]
[PlyCount "47"]
[EventDate "2010.??.??"]

1. e4 e5 2. Nc3 Nc6 3. g3 Bc5 4. Bg2 Nf6 5. Nf3 d6 6. d3 a6 7. O-O O-O 8. Nd5
Nxd5 9. exd5 Ne7 10. d4 exd4 11. Nxd4 Nf5 12. Nb3 Ba7 13. Qd3 Re8 14. Bd2 Bd7
15. c4 Qf6 16. Bc3 Qg5 17. Rae1 h5 18. Rxe8+ Rxe8 19. Re1 Rxe1+ 20. Bxe1 h4 21.
Bd2 Qf6 22. Bc3 Qg5 23. Bd2 Qf6 24. Bc3 1/2-1/2

[Event "26.ChessOrg Schachfestival"]
[Site "Bad Woerishofen"]
[Date "2010.03.10"]
[Round "5.28"]
[White "Tennstedt, Andreas Dr"]
[Black "Goris, Ton"]
[Result "1-0"]
[WhiteElo "2199"]
[BlackElo "2065"]
[PlyCount "51"]
[EventDate "2010.??.??"]

1. c4 e5 2. Nc3 Nf6 3. g3 d5 4. cxd5 Nxd5 5. Bg2 Nb6 6. d3 Be7 7. Nf3 Nc6 8. a3
O-O 9. b4 a6 10. Bb2 Re8 11. O-O Bf8 12. Rc1 Bd7 13. Ne4 Nd4 14. Bxd4 Ba4 15.
Bxb6 Bxd1 16. Bxc7 Qd7 17. Rfxd1 f6 18. Rc3 Rac8 19. Rdc1 Be7 20. Kf1 Bd8 21.
Bxe5 Bb6 22. Bxf6 Rxc3 23. Bxc3 Qa4 24. Nfd2 Rc8 25. Nc4 Bd8 26. Nc5 1-0

[Event "26.ChessOrg Schachfestival"]
[Site "Bad Woerishofen"]
[Date "2010.03.10"]
[Round "5.9"]
[White "Teske, Henrik"]
[Black "Loew, Gerald"]
[Result "1-0"]
[WhiteElo "2553"]
[BlackElo "2282"]
[PlyCount "81"]
[EventDate "2010.??.??"]

1. Nf3 c5 2. e4 g6 3. d4 cxd4 4. Qxd4 Nf6 5. Nc3 Nc6 6. Qa4 d6 7. e5 dxe5 8.
Nxe5 Bd7 9. Nxd7 Qxd7 10. Be3 Bg7 11. Rd1 Qc8 12. Be2 O-O 13. O-O a6 14. Qb3 b5
15. Bf3 Rb8 16. Rfe1 b4 17. Nd5 e6 18. Nb6 Qc7 19. Qc4 Rxb6 20. Bxb6 Qxb6 21.
Qxc6 Qa5 22. Qc4 h5 23. Rd6 b3 24. c3 Qxa2 25. Qe2 a5 26. Rdd1 Qa4 27. Ra1 Qf4
28. Rxa5 Rb8 29. g3 Qc7 30. Rb5 Nd7 31. Ra1 Kh7 32. Rxb8 Qxb8 33. Bxh5 Qc7 34.
Bf3 Ne5 35. Ra4 Qd7 36. Rh4+ Kg8 37. Kg2 Qd3 38. Rd4 Qc2 39. Rd2 Qb1 40. Rd8+
Kh7 41. Be4 1-0

[Event "26.ChessOrg Schachfestival"]
[Site "Bad Woerishofen"]
[Date "2010.03.10"]
[Round "5.27"]
[White "Valet, Richard"]
[Black "Naegele, Thomas"]
[Result "1/2-1/2"]
[WhiteElo "2074"]
[BlackElo "2206"]
[PlyCount "52"]
[EventDate "2010.??.??"]

1. e4 c5 2. Nc3 Nc6 3. g3 g6 4. Bg2 Bg7 5. d3 d6 6. f4 Rb8 7. Nf3 e5 8. Be3 Nd4
9. fxe5 dxe5 10. Nd5 Nf6 11. c3 Nxd5 12. exd5 Nxf3+ 13. Qxf3 b6 14. O-O O-O 15.
Rae1 f5 16. c4 Qd6 17. b3 Bd7 18. Qf2 Rbc8 19. Qd2 Rf7 20. Bh6 Bh8 21. Re2 Re8
22. Kh1 Bf6 23. Bg5 Bg7 24. Bh6 Bf6 25. Bg5 Bg7 26. Bh6 Bf6 1/2-1/2

[Event "26.ChessOrg Schachfestival"]
[Site "Bad Woerishofen"]
[Date "2010.03.10"]
[Round "5.46"]
[White "Walter, Mario"]
[Black "Gruenhagen, Marc"]
[Result "0-1"]
[WhiteElo "2006"]
[BlackElo "2131"]
[PlyCount "40"]
[EventDate "2010.??.??"]

1. f4 d5 2. Nf3 Nf6 3. e3 Bg4 4. h3 Bxf3 5. Qxf3 e6 6. b3 Be7 7. Bb2 Ne4 8. Be2
Bh4+ 9. g3 Nxg3 10. Rg1 Nf5+ 11. Kd1 Bf6 12. c3 Nd7 13. d3 c6 14. Nd2 Qb6 15.
d4 c5 16. Bd3 cxd4 17. Bxf5 dxc3 18. Bd3 cxb2 19. Rb1 Nc5 20. Be2 O-O-O 0-1

[Event "26.ChessOrg Schachfestival"]
[Site "Bad Woerishofen"]
[Date "2010.03.10"]
[Round "5.20"]
[White "Welling, Gerard"]
[Black "Daeubler, Heinrich"]
[Result "1-0"]
[WhiteElo "2344"]
[BlackElo "2130"]
[PlyCount "55"]
[EventDate "2010.??.??"]

1. g3 d5 2. Bg2 c6 3. Nf3 Bg4 4. O-O Nd7 5. d3 Ngf6 6. Nbd2 e6 7. b3 Bd6 8. Bb2
O-O 9. c4 Qe7 10. a3 a5 11. Qc2 e5 12. e4 dxe4 13. dxe4 Nc5 14. b4 axb4 15.
axb4 Rxa1 16. Rxa1 Na6 17. c5 Bb8 18. Bc3 Nd7 19. Nc4 Re8 20. h3 Bxf3 21. Bxf3
Bc7 22. Be2 Ndb8 23. Ne3 Rd8 24. Bc4 Kh8 25. Kg2 f6 26. h4 g6 27. h5 Kg7 28.
Qe2 1-0

[Event "26.ChessOrg Schachfestival"]
[Site "Bad Woerishofen"]
[Date "2010.03.10"]
[Round "5.34"]
[White "Wittfoth, Kai-Uve"]
[Black "Gerhards, Walter"]
[Result "1-0"]
[WhiteElo "2150"]
[BlackElo "2005"]
[PlyCount "61"]
[EventDate "2010.??.??"]

1. d4 Nf6 2. c4 e6 3. Nf3 Bb4+ 4. Nbd2 O-O 5. a3 Be7 6. g3 d5 7. Bg2 c5 8. O-O
dxc4 9. Nxc4 Nc6 10. dxc5 Bxc5 11. b4 Bd4 12. Rb1 Bb6 13. Nxb6 axb6 14. Bb2 Qe7
15. Qd3 Rd8 16. Qb5 Bd7 17. Qxb6 Nd5 18. Qc5 Qxc5 19. bxc5 Na5 20. e4 Ne7 21.
Be5 Bc6 22. Bd6 Ng6 23. Rb4 f6 24. Bh3 Kf7 25. Nd4 Bd7 26. Bc7 e5 27. Nf5 Nf8
28. Bxd8 Rxd8 29. Nd6+ Ke7 30. Bxd7 Kxd7 31. Nxb7 1-0

[Event "26.ChessOrg Schachfestival"]
[Site "Bad Woerishofen"]
[Date "2010.03.10"]
[Round "5.21"]
[White "de Francesco, Klaus"]
[Black "Doell, Detlef"]
[Result "1/2-1/2"]
[WhiteElo "2283"]
[BlackElo "2129"]
[PlyCount "60"]
[EventDate "2010.??.??"]

1. d4 Nf6 2. Nf3 g6 3. c4 Bg7 4. Nc3 O-O 5. e4 d6 6. h3 e5 7. d5 Nbd7 8. Bg5 h6
9. Be3 Nc5 10. Nd2 a5 11. g4 c6 12. Rg1 Rb8 13. Qc2 Bd7 14. a3 cxd5 15. cxd5 b5
16. b4 Na4 17. Nxa4 bxa4 18. Rb1 axb4 19. axb4 Qc8 20. Qxc8 Rfxc8 21. b5 Bxb5
22. Bxb5 Rxb5 23. Rxb5 Rc1+ 24. Ke2 Rxg1 25. Rb8+ Kh7 26. f4 Rg3 27. fxe5 dxe5
28. d6 a3 29. Ra8 Rxh3 30. Rxa3 g5 1/2-1/2

[Event "26.ChessOrg Schachfestival"]
[Site "Bad Woerishofen"]
[Date "2010.03.11"]
[Round "6.7"]
[White "Abergel, Thal"]
[Black "Koepke, Christian"]
[Result "1-0"]
[WhiteElo "2547"]
[BlackElo "2370"]
[PlyCount "69"]
[EventDate "2010.??.??"]

1. e4 c5 2. Nf3 d6 3. Bc4 Nf6 4. Nc3 Nc6 5. d4 cxd4 6. Nxd4 Bd7 7. Bg5 Qa5 8.
Bxf6 gxf6 9. Nb3 Qg5 10. g3 f5 11. e5 O-O-O 12. exd6 Be8 13. Qe2 e5 14. h4 Qh6
15. Qf3 Bd7 16. Bxf7 e4 17. Qh5 Qxd6 18. Rd1 Qf6 19. Nd5 Qxb2 20. O-O Qe5 21.
Nf4 Bd6 22. Qh6 Bf8 23. Qh5 Bd6 24. c4 Qf6 25. Nd5 Qg7 26. Ne3 Bxg3 27. Nxf5
Bxf5 28. Qxf5+ Kc7 29. Kh1 Be5 30. Nc5 Qh6 31. Rd7+ Kb8 32. Qxe4 Rdf8 33. Rb1
b6 34. Na6+ Kc8 35. Qg4 1-0

[Event "26.ChessOrg Schachfestival"]
[Site "Bad Woerishofen"]
[Date "2010.03.11"]
[Round "6.23"]
[White "Buecker, Stefan"]
[Black "Quinn, John"]
[Result "1-0"]
[WhiteElo "2355"]
[BlackElo "2143"]
[PlyCount "41"]
[EventDate "2010.??.??"]

1. e4 c5 2. b4 b6 3. Nf3 Bb7 4. bxc5 bxc5 5. Nc3 Nc6 6. Rb1 Rb8 7. Bc4 g6 8.
O-O Bg7 9. Rb5 Nh6 10. Rxc5 O-O 11. d4 d6 12. Rb5 a6 13. Rb1 Na5 14. Be2 f5 15.
Ng5 Qd7 16. Nd5 fxe4 17. Nb6 Qf5 18. g4 Qf6 19. Nd7 Qxd4 20. Qxd4 Bxd4 21. Nxf8
1-0

[Event "26.ChessOrg Schachfestival"]
[Site "Bad Woerishofen"]
[Date "2010.03.11"]
[Round "6.1"]
[White "Burmakin, Vladimir"]
[Black "Rusev, Krasimir"]
[Result "1/2-1/2"]
[WhiteElo "2604"]
[BlackElo "2543"]
[PlyCount "52"]
[EventDate "2010.??.??"]

1. d4 Nf6 2. c4 e6 3. Nf3 d5 4. g3 Bb4+ 5. Bd2 Be7 6. Bg2 c6 7. O-O Nbd7 8. Qc2
b6 9. a4 Ba6 10. b3 c5 11. Na3 O-O 12. Nb5 Bb7 13. dxc5 Nxc5 14. Rfd1 a6 15.
Nc3 dxc4 16. bxc4 Nfd7 17. Bf4 Qc8 18. Bd6 Re8 19. Bxe7 Rxe7 20. Rd6 h6 21.
Rad1 Qc7 22. Qb1 Rc8 23. R1d4 Ba8 24. Qd1 Bb7 25. Qb1 Ba8 26. Qd1 Bb7 1/2-1/2

[Event "26.ChessOrg Schachfestival"]
[Site "Bad Woerishofen"]
[Date "2010.03.11"]
[Round "6.27"]
[White "Doell, Detlef"]
[Black "Rogobete, Nikolas"]
[Result "1/2-1/2"]
[WhiteElo "2129"]
[BlackElo "2273"]
[PlyCount "39"]
[EventDate "2010.??.??"]

1. a3 c5 2. Nf3 Nc6 3. g3 g6 4. Bg2 Bg7 5. O-O d5 6. d3 e5 7. e4 dxe4 8. dxe4
Bg4 9. c3 Nge7 10. Be3 b6 11. Nbd2 O-O 12. h3 Bc8 13. b4 cxb4 14. axb4 h6 15.
Nc4 Be6 16. Qe2 Qc7 17. Rfc1 Rfc8 18. Nfd2 Nd8 19. Nb2 Qd7 20. Kh2 1/2-1/2

[Event "26.ChessOrg Schachfestival"]
[Site "Bad Woerishofen"]
[Date "2010.03.11"]
[Round "6.61"]
[White "Engl, Heinz"]
[Black "Fenske, Wolfgang"]
[Result "1-0"]
[WhiteElo "2075"]
[BlackElo "1947"]
[PlyCount "39"]
[EventDate "2010.??.??"]

1. e4 c5 2. Nc3 Nc6 3. f4 d6 4. Nf3 g6 5. Bc4 Bg7 6. O-O e6 7. d3 Nge7 8. Qe1
Nd4 9. Nxd4 Bxd4+ 10. Kh1 O-O 11. f5 exf5 12. Bg5 Qe8 13. Qh4 Bxc3 14. bxc3 Nc6
15. Bf6 h5 16. exf5 Kh7 17. Rae1 Qd7 18. d4 cxd4 19. Bd3 Kg8 20. Qg5 1-0

[Event "26.ChessOrg Schachfestival"]
[Site "Bad Woerishofen"]
[Date "2010.03.11"]
[Round "6.17"]
[White "Eperjesi, Lazlo Dr"]
[Black "Lupor, Stefan"]
[Result "0-1"]
[WhiteElo "2183"]
[BlackElo "2262"]
[PlyCount "64"]
[EventDate "2010.??.??"]

1. d4 Nf6 2. Nf3 g6 3. c4 Bg7 4. Nc3 O-O 5. Bg5 c5 6. d5 h6 7. Bh4 d6 8. e3 g5
9. Bg3 Nh5 10. Nd2 Nxg3 11. hxg3 e6 12. Bd3 f5 13. dxe6 Bxe6 14. O-O Nc6 15.
Rb1 Qd7 16. a3 Qf7 17. f4 g4 18. Qc2 Rad8 19. b4 b6 20. Rfe1 Kh8 21. Ne2 cxb4
22. axb4 a5 23. bxa5 bxa5 24. Rb5 Qa7 25. Nc1 Nb4 26. Qa4 Ra8 27. Ndb3 Bd7 28.
c5 dxc5 29. Nxc5 Bxb5 30. Qxb5 Rab8 31. Qc4 Rbc8 32. N1b3 Nxd3 0-1

[Event "26.ChessOrg Schachfestival"]
[Site "Bad Woerishofen"]
[Date "2010.03.11"]
[Round "6.3"]
[White "Farago, Ivan"]
[Black "Nyzhnyk, Illya"]
[Result "1/2-1/2"]
[WhiteElo "2476"]
[BlackElo "2544"]
[PlyCount "38"]
[EventDate "2010.??.??"]

1. d4 d5 2. c4 dxc4 3. Nf3 Nf6 4. e3 e6 5. Bxc4 c5 6. O-O a6 7. dxc5 Bxc5 8.
Qxd8+ Kxd8 9. Ne5 Ke7 10. Be2 Nbd7 11. Nd3 Bd6 12. Nd2 b5 13. Nb3 Bb7 14. f3
Rhc8 15. Bd2 Nb6 16. Na5 Nc4 17. Nxb7 Nxd2 18. Nxd6 Kxd6 19. Rfd1 Nc4 1/2-1/2

[Event "26.ChessOrg Schachfestival"]
[Site "Bad Woerishofen"]
[Date "2010.03.11"]
[Round "6.47"]
[White "Gerhards, Walter"]
[Black "Fiedler, Wolfgang"]
[Result "0-1"]
[WhiteElo "2005"]
[BlackElo "2081"]
[PlyCount "82"]
[EventDate "2010.??.??"]

1. e4 g6 2. d4 Bg7 3. Nf3 d6 4. Bc4 b6 5. O-O e6 6. Bg5 Ne7 7. Qd2 c6 8. Nc3
Ba6 9. Bxa6 Nxa6 10. d5 cxd5 11. exd5 e5 12. Ne4 h6 13. Bf6 Kf8 14. c4 Bxf6 15.
Nxf6 Kg7 16. Ne4 f5 17. Nc3 g5 18. Rfd1 Ng6 19. Ne1 Rc8 20. b3 Nc7 21. Nc2 h5
22. Nb4 Qf6 23. Nc6 a6 24. Na4 b5 25. cxb5 axb5 26. Nb6 Rce8 27. a4 bxa4 28.
Rxa4 Kh6 29. Rda1 Nf4 30. Ra7 Rh7 31. g3 Nh3+ 32. Kg2 f4 33. Rb7 Rf7 34. g4 f3+
35. Kf1 e4 36. Nd4 Qe5 37. Ke1 Qxh2 38. Kd1 Qg1+ 39. Kc2 Qxa1 40. Nf5+ Rxf5 41.
gxf5 Nb5 0-1

[Event "26.ChessOrg Schachfestival"]
[Site "Bad Woerishofen"]
[Date "2010.03.11"]
[Round "6.15"]
[White "Gerstner, Bernhard"]
[Black "Meier, Volker"]
[Result "1/2-1/2"]
[WhiteElo "2190"]
[BlackElo "2304"]
[PlyCount "95"]
[EventDate "2010.??.??"]

1. d4 Nf6 2. c4 g6 3. g3 Bg7 4. Bg2 d6 5. Nc3 O-O 6. Nf3 Nbd7 7. O-O e5 8. e4
c6 9. Re1 Re8 10. h3 a5 11. Rb1 exd4 12. Nxd4 Qc7 13. Be3 Nc5 14. Qc2 Nfd7 15.
b3 Ne5 16. Rbd1 a4 17. f4 axb3 18. axb3 Ned7 19. b4 Ne6 20. Nxe6 Rxe6 21. Ra1
Rxa1 22. Rxa1 f5 23. Re1 fxe4 24. Nxe4 Nf6 25. Bf2 Qe7 26. Nxf6+ Qxf6 27. Rxe6
Bxe6 28. b5 Qa1+ 29. Kh2 Qc3 30. Qxc3 Bxc3 31. bxc6 bxc6 32. Bf1 Kf7 33. g4 d5
34. cxd5 Bxd5 35. Bd3 Bb4 36. Bd4 Bd6 37. Kg3 c5 38. Be3 c4 39. Bc2 h6 40. Kf2
Be7 41. Kg3 Bf6 42. h4 c3 43. g5 hxg5 44. hxg5 Bg7 45. f5 gxf5 46. Bxf5 Bb3 47.
Kf4 c2 48. Bc1 1/2-1/2

[Event "26.ChessOrg Schachfestival"]
[Site "Bad Woerishofen"]
[Date "2010.03.11"]
[Round "6.14"]
[White "Grafe, Wilhelm"]
[Black "De Santis, Alessio"]
[Result "1/2-1/2"]
[WhiteElo "2193"]
[BlackElo "2305"]
[PlyCount "67"]
[EventDate "2010.??.??"]

1. Nf3 d6 2. d4 g6 3. g3 Bg7 4. Bg2 Nd7 5. O-O e6 6. c4 Ne7 7. Nc3 a6 8. Bg5 h6
9. Bxe7 Qxe7 10. Rb1 O-O 11. e3 Rb8 12. Qd3 b6 13. b4 Bb7 14. Ne1 c6 15. b5
axb5 16. cxb5 c5 17. Bxb7 Rxb7 18. Nf3 Ra7 19. Rfd1 d5 20. e4 c4 21. Qe2 Ra3
22. Rbc1 Qd6 23. Qb2 Rfa8 24. Ne1 dxe4 25. Nc2 R3a7 26. Nxe4 Qd5 27. Nc3 Qh5
28. Qb4 e5 29. Qxc4 exd4 30. Nxd4 Ne5 31. Qe2 Qh3 32. Qf1 Qh5 33. Qe2 Qh3 34.
Qf1 1/2-1/2

[Event "26.ChessOrg Schachfestival"]
[Site "Bad Woerishofen"]
[Date "2010.03.11"]
[Round "6.45"]
[White "Grundner, Alois"]
[Black "Guenther, Thomas"]
[Result "1/2-1/2"]
[WhiteElo "2006"]
[BlackElo "2104"]
[PlyCount "39"]
[EventDate "2010.??.??"]

1. d4 Nf6 2. c4 e6 3. Nc3 Bb4 4. Qc2 O-O 5. Nf3 d6 6. e4 Bxc3+ 7. bxc3 e5 8.
Bg5 Re8 9. Be2 h6 10. Bxf6 Qxf6 11. O-O Qg6 12. Kh1 b6 13. Rad1 Nc6 14. Rfe1
Bb7 15. Nh4 Qh7 16. Nf5 g6 17. Ne3 Nd8 18. Nd5 Bxd5 19. cxd5 Qg7 20. Ba6
1/2-1/2

[Event "26.ChessOrg Schachfestival"]
[Site "Bad Woerishofen"]
[Date "2010.03.11"]
[Round "6.25"]
[White "Kunz, Konstantin"]
[Black "Helbig, Dieter"]
[Result "1-0"]
[WhiteElo "2273"]
[BlackElo "1842"]
[PlyCount "59"]
[EventDate "2010.??.??"]

1. d4 Nf6 2. Nc3 g6 3. e4 d6 4. f3 Bg7 5. Be3 O-O 6. Qd2 Nbd7 7. O-O-O a6 8.
Bh6 b5 9. h4 c5 10. dxc5 Nxc5 11. h5 Ncd7 12. hxg6 fxg6 13. Nh3 Bb7 14. Bxg7
Kxg7 15. Ng5 Qa5 16. Ne6+ Kf7 17. Nxf8 Rxf8 18. Kb1 b4 19. Bc4+ e6 20. Ne2 d5
21. exd5 exd5 22. Bb3 Nb6 23. Rh4 Nc4 24. Bxc4 dxc4 25. Rxc4 Bd5 26. Qxb4 Qd8
27. Rcd4 Qc7 28. Rxd5 Nxd5 29. Qb3 Rd8 30. Rxd5 1-0

[Event "26.ChessOrg Schachfestival"]
[Site "Bad Woerishofen"]
[Date "2010.03.11"]
[Round "6.26"]
[White "Loew, Gerald"]
[Black "Heppell, Ian"]
[Result "1/2-1/2"]
[WhiteElo "2282"]
[BlackElo "2136"]
[PlyCount "29"]
[EventDate "2010.??.??"]

1. c4 e5 2. g3 Nc6 3. Nc3 f5 4. Nf3 Nf6 5. d4 d6 6. dxe5 Nxe5 7. Nxe5 dxe5 8.
Qxd8+ Kxd8 9. Bg5 c6 10. Bh3 Be7 11. O-O-O+ Kc7 12. e4 fxe4 13. Bxc8 Raxc8 14.
Rhe1 Rcd8 15. Bxf6 1/2-1/2

[Event "26.ChessOrg Schachfestival"]
[Site "Bad Woerishofen"]
[Date "2010.03.11"]
[Round "6.5"]
[White "Luther, Thomas"]
[Black "Friedrich, Norbert"]
[Result "1-0"]
[WhiteElo "2559"]
[BlackElo "2299"]
[PlyCount "133"]
[EventDate "2010.??.??"]

1. e4 c5 2. Nf3 e6 3. d4 cxd4 4. Nxd4 a6 5. Bd3 Nc6 6. Nxc6 dxc6 7. Nd2 e5 8.
Nc4 Be6 9. O-O Bxc4 10. Bxc4 Qxd1 11. Rxd1 Nf6 12. f3 Bc5+ 13. Kf1 Ke7 14. Ke2
Rhd8 15. Rxd8 Rxd8 16. Bd2 Ne8 17. Bd3 Nc7 18. b4 Bd6 19. g3 Ne6 20. c3 Ra8 21.
Rf1 f6 22. h4 h6 23. Rb1 Rc8 24. Be3 Rc7 25. Bb6 Rc8 26. Kd2 Nf8 27. Bf1 Nd7
28. Bf2 Bc7 29. a4 Bb6 30. Be1 Rd8 31. Ke2 Nf8 32. Rb2 Ne6 33. Bd2 Kf7 34. Ke1
Ke7 35. Bc4 Rd7 36. Ke2 Rd8 37. Bc1 Rd7 38. Rb1 Rd8 39. Ba3 Rd6 40. b5 Bc5 41.
bxa6 bxa6 42. Rb7+ Ke8 43. Bc1 Rd7 44. Rxd7 Kxd7 45. Bxa6 Bb6 46. Bd3 Ba5 47.
Bb2 Kc7 48. Bc2 Kb7 49. Kf2 Kc7 50. Kg2 Kd7 51. Kh3 h5 52. Kg2 Kc7 53. Kf1 Kd7
54. Ke2 Kc7 55. Kf1 Kd7 56. Bd1 Kc7 57. Bb3 Nc5 58. Bf7 Nxa4 59. Ba3 Nxc3 60.
Bf8 Kd7 61. Bxg7 Ke7 62. Bxh5 Nb5 63. Bg6 c5 64. h5 c4 65. h6 c3 66. h7 c2 67.
Bh6 1-0

[Event "26.ChessOrg Schachfestival"]
[Site "Bad Woerishofen"]
[Date "2010.03.11"]
[Round "6.9"]
[White "Mainka, Romuald"]
[Black "Vandrey, Wolfgang"]
[Result "1-0"]
[WhiteElo "2510"]
[BlackElo "2295"]
[PlyCount "57"]
[EventDate "2010.??.??"]

1. e4 c5 2. Nf3 e6 3. d4 cxd4 4. Nxd4 a6 5. Bd3 Bc5 6. Nb3 Be7 7. Qg4 g6 8. Qe2
d6 9. O-O Qc7 10. a4 b6 11. Na3 Bb7 12. a5 b5 13. c4 bxc4 14. Nxc4 Nd7 15. Nb6
Nxb6 16. axb6 Qxb6 17. Na5 Rb8 18. Be3 Qb4 19. Rfc1 Bxe4 20. Bxe4 Qxe4 21. Nc6
Ra8 22. Rxa6 Rxa6 23. Qxa6 Kf8 24. Nxe7 Kxe7 25. Rc7+ Kf8 26. Qxd6+ Kg7 27.
Bd4+ Nf6 28. Bxf6+ Kxf6 29. Qe7+ 1-0

[Event "26.ChessOrg Schachfestival"]
[Site "Bad Woerishofen"]
[Date "2010.03.11"]
[Round "6.49"]
[White "Margraf, Christoph"]
[Black "Mack, Thomas Dr"]
[Result "1/2-1/2"]
[WhiteElo "1935"]
[BlackElo "2079"]
[PlyCount "56"]
[EventDate "2010.??.??"]

1. c4 e5 2. Nc3 Nf6 3. g3 d5 4. cxd5 Nxd5 5. Bg2 Nb6 6. Nf3 Nc6 7. O-O Be7 8.
a3 g5 9. d4 exd4 10. Nb5 O-O 11. Nbxd4 Nxd4 12. Qxd4 h6 13. Rd1 Be6 14. Be3 Nd5
15. Qe4 c5 16. Ne1 Qb6 17. Rxd5 Bxd5 18. Qxd5 Qxb2 19. Qa2 Bf6 20. Qxb2 Bxb2
21. Ra2 Bc3 22. Nd3 c4 23. Nc5 Rfd8 24. Bxb7 Rab8 25. Be4 Rd1+ 26. Kg2 Ra1 27.
Rxa1 Bxa1 28. Bc2 Rb2 1/2-1/2

[Event "26.ChessOrg Schachfestival"]
[Site "Bad Woerishofen"]
[Date "2010.03.11"]
[Round "6.32"]
[White "Marotzke, Stefan"]
[Black "Babar, Michael"]
[Result "0-1"]
[WhiteElo "2043"]
[BlackElo "2187"]
[PlyCount "74"]
[EventDate "2010.??.??"]

1. d4 f5 2. Nf3 Nf6 3. g3 g6 4. Bg2 Bg7 5. O-O O-O 6. c4 d6 7. Nc3 c6 8. b3 a5
9. Bb2 Na6 10. e3 Rb8 11. Qe2 Bd7 12. Rac1 b5 13. Rfd1 Nc7 14. Ba1 Ne4 15. Qc2
Nxc3 16. Bxc3 b4 17. Ba1 Ne8 18. d5 Bxa1 19. Rxa1 c5 20. Ng5 Qc8 21. f4 Nf6 22.
Re1 h6 23. Nh3 Qe8 24. Nf2 Qf7 25. e4 fxe4 26. Nxe4 a4 27. Nxf6+ Qxf6 28. Rf1
Ra8 29. Rae1 axb3 30. axb3 Ra3 31. Be4 Bh3 32. Rf3 Ra1 33. Rfe3 Rfa8 34. Qf2
R8a2 35. R3e2 Rxe1+ 36. Qxe1 Qd4+ 37. Kh1 Rxe2 0-1

[Event "26.ChessOrg Schachfestival"]
[Site "Bad Woerishofen"]
[Date "2010.03.11"]
[Round "6.6"]
[White "Peschlow, Patrick"]
[Black "Teske, Henrik"]
[Result "1/2-1/2"]
[WhiteElo "2307"]
[BlackElo "2553"]
[PlyCount "26"]
[EventDate "2010.??.??"]

1. e4 c6 2. d4 d5 3. Nd2 dxe4 4. Nxe4 Bf5 5. Ng3 Bg6 6. h4 h6 7. Nf3 Nd7 8. h5
Bh7 9. Bd3 Bxd3 10. Qxd3 e6 11. Bf4 Ngf6 12. O-O-O Be7 13. Ne4 Nxe4 1/2-1/2

[Event "26.ChessOrg Schachfestival"]
[Site "Bad Woerishofen"]
[Date "2010.03.11"]
[Round "6.18"]
[White "Rahls, Peter"]
[Black "Wittfoth, Kai-Uve"]
[Result "1/2-1/2"]
[WhiteElo "2255"]
[BlackElo "2150"]
[PlyCount "81"]
[EventDate "2010.??.??"]

1. e4 c6 2. c4 d5 3. exd5 cxd5 4. cxd5 Qxd5 5. d4 e6 6. Nc3 Qd8 7. Nf3 Nf6 8.
Ne5 Be7 9. Be3 O-O 10. Bd3 Nbd7 11. f4 Nb6 12. O-O Bd7 13. Qf3 Bc6 14. Nxc6
bxc6 15. Rad1 Nbd5 16. Bc1 g6 17. Kh1 Rc8 18. Ne4 Nb4 19. Bb1 Nxe4 20. Qxe4 Qd5
21. Qe1 Qd6 22. f5 exf5 23. Bf4 Qe6 24. Qg3 Nd5 25. Rde1 Qf6 26. Bh6 f4 27.
Bxf4 Nxf4 28. Rxf4 Qg5 29. Qf3 Rc7 30. Bc2 Bd6 31. Rfe4 c5 32. dxc5 Rxc5 33.
Bb3 Re5 34. g3 Rxe4 35. Qxe4 Qf6 36. Qe2 Kg7 37. Kg2 h5 38. Bc4 h4 39. Rf1 Qd4
40. Rd1 Qf6 41. Rf1 1/2-1/2